Integrated auditing of enterprise management systems in a globalized environment

Európsky hospodársky priestor a voľná výmena tovaru, služieb, kapitálu a osôb. Základné predpoklady pre fungovanie jednotného trhu. Medzinárodný konsenzus a osvedčené postupy, ktorých použitie prispieva k jednote posudzovania zhody a uľahčeniu obchodu s non-regulovaným sektorom.

Salvato in:
Dettagli Bibliografici
Autore principale: Majerník, Milan, 1952-
Altri autori: Daneshjo, Naqibullah, 1964-, Repková Štofková, Katarína, Sančiová, Gabriela, 1991-
Natura: Capitolo di libro
Lingua:inglese
Soggetti:
Tags: Aggiungi Tag
Nessun Tag, puoi essere il primo ad aggiungerne!!

MARC

LEADER 00000nla a2200000 4500
001 0226141
005 20240502073720.3
041 0 |a eng 
044 |a SK 
245 1 0 |a Integrated auditing of enterprise management systems in a globalized environment  |c Milan Majerník, Naqibullah Daneshjo, Katarína Repková Štofková, Gabriela Sančiová 
520 |a Európsky hospodársky priestor a voľná výmena tovaru, služieb, kapitálu a osôb. Základné predpoklady pre fungovanie jednotného trhu. Medzinárodný konsenzus a osvedčené postupy, ktorých použitie prispieva k jednote posudzovania zhody a uľahčeniu obchodu s non-regulovaným sektorom. 
610 2 0 |a Európsky ekonomický priestor 
610 2 0 |a trh jednotný 
610 2 0 |a pohyb služieb voľný 
610 2 0 |a systémy integrované manažérske 
610 2 0 |a spolupráca medzinárodná 
610 2 0 |a normy ISO 
100 1 |a Majerník, Milan, 1952- 
700 1 |a Daneshjo, Naqibullah, 1964- 
700 1 |a Repková Štofková, Katarína 
700 1 |a Sančiová, Gabriela, 1991-